000
00278nam a22001337a 4500
008
170601b xxu||||| |||| 00| 0 eng d
020
_a
9790520227209
041
_a
eng
080
_a
94
100
_a
17
101
_a
SHH
245
_a
BRITIAN
_c
ENDELMAN.T.M
942
_2
udc
_c
BK
999
_c
15332
_d
15332